00745 2200181 4500001002100000005001700021008004100038035002500079082001000104090002000114110003900134245023500173260005600408300002500464650003500489850002100524990001800545YOGYA-0209000004294320150420153256.0 ind  a0010-020900000042943 a379.1 aRQ 379.1bInd K aINDONESIA. Departemen Dalam Negeri aKeputusan bersama Meneteri Dalam Negeri, Menteri Pendidikan dan Kebudayaan dan Menteri Keuangan Republik Indonesia nomor : 46 tahun 1981, nomor : 102.A/K/1981, nomor : 154/KMK.011/1981 tentang penetapan besarnya subsidi/bantuan .. aJakartabDepartemen Pendidikan dan Kebudayaanc1981 a156 hlmbilusc32 cm aSubsidi pendidikan - Peraturan aYOPDYOG [TRM 29] a25232-Pd/A.07